00803nam a22002057a 450000500170000001000190001702000510003602000510008703500180013803700130015608200130016910000230018224501670020525000120037226000310038427000940041530000490050970000210055870000180057920250210144748.0 aENG-121137-138 c3495.00 (Set of 2 vols)a9788131252567 (vol-1) c3495.00 (Set of 2 vols)a9788131252567 (vol-2) aEN-104669-670 bDBAD/PUB a349.5405 aSarkar, Prabhas C. aSarkar criminal minor acts:b188 important acts & rules with state amendments, comments and case notes/ cby Prabhas C. Sarkar, Suhaas R. Joshi [and] Namit Saxena a8th ed  aGurgoanbLexisNexis c2017 bGurgoan (Haryana)e122002a14th Floor, Building No. 10, Tower-B, DLF Cyber City, Phase-II a2-vols (Ixxx,1-1560 ; )p.c25cm(Hb)eCD-ROMs a Joshi,Suhaas R. aSaxena,Namit